|
|
|
|
| LEADER |
00786nta a2200205 i 4500 |
| 001 |
dokt6665 |
| 005 |
20220712130600.0 |
| 008 |
220712s1982 hu om 0|| hun d |
| 040 |
|
|
|a SZTE Doktori Repozitórium
|b hun
|
| 041 |
|
|
|a hun
|
| 100 |
1 |
|
|a Benkő Mária
|
| 245 |
1 |
0 |
|a Gyors mikro módszer kidolgozása az antibiotikumok minimális gátló koncentrációjának meghatározására; antibiogram készítése automatával
|h [elektronikus dokumentum] /
|c Benkő Mária
|
| 260 |
|
|
|c 1982
|
| 502 |
|
|
|a Disszertacio
|
| 650 |
|
4 |
|a biológiai tudományok
|
| 650 |
|
4 |
|a Természettudományok
|
| 650 |
|
4 |
|a Sejtbiológia, mikrobiológia
|
| 695 |
|
|
|a Mikrobiológia
|
| 700 |
1 |
|
|a nincs megadva
|e ths
|
| 856 |
4 |
0 |
|u https://doktori.bibl.u-szeged.hu/id/eprint/6665/1/1982_benko_maria.pdf
|z Dokumentum-elérés
|